000 00684nam a2200289Ia 4500
005 20260324130656.0
008 008 260324s9999 xx 000 0 eng d
020 _a9780429139109
037 _aEBOOK
040 _aCRL
040 _beng
040 _cCRL
041 _2eng
041 _aeng
084 _qCRL
100 _aRuhul Amin Sarker; Charles S. Newton
_91182672
245 0 _aOptimization Modelling
245 2 _bA Practical Approach
260 _bTaylor and Francis
260 _c2007
365 _a
365 _b400
856 _uhttp://www.taylorfrancis.com/books/9780429139109
942 _cEBOOK
999 _c1779050
_d1779050